00000000nam 2200000zi 4500
0019.939846
003CaOODSP
00520241127091638
006m     o  d f      
007cr mn|||||||||
008240626e199006##onca    o    f000 0 eng d
040 |aCaOODSP|beng|erda|cCaOODSP
043 |an-cn---
0861 |aCo22-777/1990E-PDF
24500|aCommunications Canada strategic information management plan.
24614|aStrategic information management plan
24617|aDOC strategic information management plan (IMP)
264 1|a[Ottawa] : |bGovernment of Canada, Department of Communications = Gouvernement du Canada, Ministère des communications, |cJune 1990.
300 |a1 online resource (54, 17, 3, 5 pages) : |billustrations
336 |atext|btxt|2rdacontent
337 |acomputer|bc|2rdamedia
338 |aonline resource|bcr|2rdacarrier
500 |aIssued also in French under title: Communications Canada : plan stratégique de gestion de l'information.
500 |a"Informatics Management Branch"--Front cover.
500 |a"Issued by: Frank N. Malick, Director General - Informatics Management …"--Back cover.
500 |aDigitized edition from print [produced by Innovation, Science and Economic Development Canada].
61010|aCanada. |bCommunications Canada|xInformation resources management|xPlanning.
61010|aCanada. |bCommunications Canada|xInformation technology|xManagement|xPlanning.
650 0|aStrategic planning|zCanada.
7101 |aCanada. |bCommunications Canada, |eissuing body.
77508|tCommunications Canada : |w(CaOODSP)9.945626
85640|qPDF|s7.86 MB|uhttps://publications.gc.ca/collections/collection_2024/isde-ised/co22/Co22-777-1990-eng.pdf